| 000 | 00900cam a22002175a 4500 | ||
|---|---|---|---|
| 001 | L158484 | ||
| 008 | 150318s1936 xxk f 000 0 eng d | ||
| 035 | _a(Sirsi) u158484 | ||
| 041 | 0 | _aeng | |
| 100 | 1 | _aParry, Richard | |
| 245 | 0 | 4 | _aThe application use and construction of valuation tables |
| 250 | _a4th ed | ||
| 260 |
_aLondon _bEstates Gazette _c1936 |
||
| 520 | _aExplains the construction and application of Parry's valuation tables including year's purchase for perpetuity, present value of £1, annual sinking fund and life tables. Although written in 1936 the detailed explanation of the terms and worked examples and case studies makes it a useful reference tool for users of current editions of Parry's Valuation Tables. | ||
| 590 | _aKA | ||
| 650 | 2 | 4 | _aLIFE TABLES |
| 650 | 2 | 4 | _aVALUATION TABLES |
| 651 | 4 |
_aUnited Kingdom _y |
|
| 700 | 1 | _aGumbrell, Leonard | |
| 942 | _n0 | ||
| 999 |
_c115336 _d115336 |
||